[Event "I Festival Francophone des Echecs"]
[Site "Arvier ITA"]
[Date "2009.09.30"]
[Round "6"]
[White "Berend, Fred"]
[Black "Wirig, Anthony"]
[Result "1/2-1/2"]
[WhiteElo "2371"]
[BlackElo "2491"]
[PlyCount "27"]
[EventDate "2009.09.27"]

1. c4 Nf6 2. Nf3 c6 3. Nc3 d5 4. d4 a6 5. e3 b5 6. b3 Bg4 7. h3 Bxf3 8. Qxf3 e6
9. Qd1 Bb4 10. Bd2 O-O 11. Be2 Bxc3 12. Bxc3 c5 13. O-O cxd4 14. Bxd4 1/2-1/2

[Event "I Festival Francophone des Echecs"]
[Site "Arvier ITA"]
[Date "2009.09.30"]
[Round "6"]
[White "Chiarotto, Filippo"]
[Black "Vandervorst, Pascal"]
[Result "1-0"]
[WhiteElo "2053"]
[BlackElo "1818"]
[PlyCount "53"]
[EventDate "2009.09.27"]

1. e4 c5 2. Nf3 Nc6 3. d4 cxd4 4. Nxd4 Nf6 5. Nc3 e5 6. Ndb5 d6 7. Bg5 a6 8.
Na3 b5 9. Nd5 Qa5+ 10. Bd2 Qd8 11. Nxf6+ gxf6 12. g3 f5 13. exf5 Bxf5 14. Bg2
Rc8 15. c3 d5 16. Nc2 d4 17. O-O Bg7 18. cxd4 Nxd4 19. Nxd4 exd4 20. Re1+ Be6
21. Qh5 O-O 22. Be4 f5 23. Bb7 Rc2 24. Rxe6 Rxd2 25. Rae1 Rxb2 26. Re8 Qd7 27.
R1e7 1-0

[Event "I Festival Francophone des Echecs"]
[Site "Arvier ITA"]
[Date "2009.09.30"]
[Round "6"]
[White "Durandeau, Jean-Marie"]
[Black "Frank, Albert"]
[Result "1/2-1/2"]
[WhiteElo "2015"]
[BlackElo "1932"]
[PlyCount "112"]
[EventDate "2009.09.27"]

1. e4 e6 2. d4 b6 3. Bd3 Ne7 4. f4 Ba6 5. Nf3 Bxd3 6. Qxd3 f5 7. exf5 Nxf5 8.
Qe4 Nc6 9. d5 Nb4 10. dxe6 dxe6 11. Qxe6+ Qe7 12. Qxe7+ Bxe7 13. Na3 Bc5 14.
Bd2 O-O-O 15. O-O-O Nxa2+ 16. Kb1 Nb4 17. Nc4 Nc6 18. Bc3 Ne3 19. Nxe3 Bxe3 20.
g3 Rhg8 21. Rxd8+ Kxd8 22. Rd1+ Kc8 23. b4 b5 24. Rd5 Rd8 25. Rxd8+ Kxd8 26.
Ng5 Bg1 27. Ne6+ Kd7 28. Nxg7 Bxh2 29. Nh5 Ke6 30. g4 Bg1 31. Nf6 Nxb4 32. Nxh7
Nd5 33. f5+ Kf7 34. Ng5+ Kg8 35. Be5 b4 36. Nf3 Be3 37. g5 a5 38. g6 Ne7 39.
Bxc7 Nxf5 40. Bxa5 Bc5 41. Ne5 Kg7 42. Ka2 Bd6 43. Nc4 Be7 44. Kb3 Nd4+ 45. Kb2
Kxg6 46. Ne5+ Kf5 47. Nd3 Nc6 48. Bb6 Ke6 49. Kb3 Kd5 50. Nf4+ Ke4 51. Ne6 Bd6
52. Nd8 Nxd8 53. Bxd8 Kd5 54. Ba5 Kc6 55. Bxb4 Bf4 56. Kc4 Bg3 1/2-1/2

[Event "I Festival Francophone des Echecs"]
[Site "Arvier ITA"]
[Date "2009.09.30"]
[Round "6"]
[White "Fernandez Lopez, Joan"]
[Black "Baciu, Stefan"]
[Result "1/2-1/2"]
[WhiteElo "2080"]
[BlackElo "2177"]
[PlyCount "103"]
[EventDate "2009.09.27"]

1. e4 d6 2. d4 Nf6 3. Nc3 g6 4. Be3 c6 5. Qd2 Nbd7 6. Nf3 Qc7 7. h3 Bg7 8. Bd3
O-O 9. O-O Re8 10. Bh6 Bh8 11. Rae1 e5 12. dxe5 dxe5 13. Ng5 Nc5 14. Bc4 Be6
15. Nxe6 Nxe6 16. f4 Rad8 17. Qe3 exf4 18. Bxf4 Nxf4 19. Rxf4 Nd5 20. Bxd5 cxd5
21. Qf2 Bxc3 22. bxc3 dxe4 23. Rfxe4 Rxe4 24. Rxe4 Rd1+ 25. Re1 Rxe1+ 26. Qxe1
Qc5+ 27. Kh1 h5 28. Qe4 Qxc3 29. Qxb7 Qa1+ 30. Kh2 Qxa2 31. Qc8+ Kg7 32. c4 a5
33. c5 Qd5 34. c6 a4 35. Qa6 Qd6+ 36. Kh1 a3 37. Qc4 a2 38. Qxa2 Qxc6 39. Qf2
Qe4 40. Qb2+ Kg8 41. Qb8+ Kh7 42. Qa7 Qf4 43. Qd7 g5 44. Qd3+ Kh8 45. Qc3+ Kg8
46. Qc8+ Kh7 47. Qc2+ Kh6 48. Qc3 Qf5 49. Qh8+ Kg6 50. Qg8+ Kf6 51. Qh8+ Kg6
52. Qg8+ 1/2-1/2

[Event "I Festival Francophone des Echecs"]
[Site "Arvier ITA"]
[Date "2009.09.30"]
[Round "6"]
[White "Jarraya, Zied"]
[Black "Arnaudov, G. Petar"]
[Result "0-1"]
[WhiteElo "2192"]
[BlackElo "2408"]
[PlyCount "48"]
[EventDate "2009.09.27"]

1. e4 c6 2. d4 d5 3. exd5 cxd5 4. c4 Nf6 5. Nc3 Nc6 6. Bg5 e6 7. Nf3 Be7 8. Be2
dxc4 9. Bxc4 O-O 10. O-O a6 11. a4 b6 12. Rc1 Bb7 13. Rc2 Nb4 14. Rd2 Rc8 15.
Ne5 Nfd5 16. Bxe7 Qxe7 17. Nxd5 Nxd5 18. Bxd5 Bxd5 19. Re1 Qg5 20. f4 Qxf4 21.
Nd7 Rfd8 22. Nxb6 Bb3 23. g3 Qg5 24. Qe2 Rc6 0-1

[Event "I Festival Francophone des Echecs"]
[Site "Arvier ITA"]
[Date "2009.09.30"]
[Round "6"]
[White "Labarthe, Arnaud"]
[Black "De Leeuw, Johannes"]
[Result "1/2-1/2"]
[WhiteElo "1871"]
[BlackElo "1858"]
[PlyCount "65"]
[EventDate "2009.09.27"]

1. e4 e5 2. Bc4 Nf6 3. d3 Be7 4. Nc3 c6 5. a4 d6 6. h3 Nbd7 7. Qf3 Nc5 8. Nge2
Be6 9. Bxe6 Nxe6 10. O-O O-O 11. Ng3 Nd4 12. Qd1 d5 13. Nce2 dxe4 14. Nxd4 exd4
15. dxe4 c5 16. e5 Nd5 17. Qg4 Qc8 18. Nf5 g6 19. Nh6+ Kg7 20. Qe4 Qe6 21. f4
f5 22. exf6+ Rxf6 23. Qxe6 Rxe6 24. f5 Rf6 25. Bg5 Rff8 26. Bxe7 Nxe7 27. f6+
Rxf6 28. Rxf6 Kxf6 29. Rf1+ Ke6 30. Re1+ Kd7 31. Rf1 Ke6 32. Re1+ Kd7 33. Rf1
1/2-1/2

[Event "I Festival Francophone des Echecs"]
[Site "Arvier ITA"]
[Date "2009.09.30"]
[Round "6"]
[White "Marzouk, Amira"]
[Black "Coqueraut, Lodewyk"]
[Result "1-0"]
[WhiteElo "1703"]
[BlackElo "1861"]
[PlyCount "63"]
[EventDate "2009.09.27"]

1. e4 c5 2. c3 Nc6 3. d4 cxd4 4. cxd4 e6 5. Nf3 d5 6. exd5 Qxd5 7. Nc3 Bb4 8.
Bd2 Bxc3 9. Bxc3 Nf6 10. Be2 O-O 11. O-O b5 12. Ne5 Bb7 13. Bf3 Qd6 14. Nxc6
Bxc6 15. Bxc6 Qxc6 16. Bb4 Rfc8 17. Rc1 Qd7 18. Rxc8+ Rxc8 19. Bc5 Nd5 20. Qd2
h6 21. Rc1 Nf6 22. Qf4 Nd5 23. Qg4 f5 24. Qe2 Nf4 25. Qe3 Nd5 26. Qe5 Ne7 27.
Re1 Kf7 28. Bxe7 Qxe7 29. d5 Rc5 30. dxe6+ Kg6 31. Qxc5 Qxc5 32. e7 1-0

[Event "I Festival Francophone des Echecs"]
[Site "Arvier ITA"]
[Date "2009.09.30"]
[Round "6"]
[White "Sanchez, Joseph"]
[Black "Hautot, Stephane"]
[Result "1-0"]
[WhiteElo "2463"]
[BlackElo "2420"]
[PlyCount "43"]
[EventDate "2009.09.27"]

1. e4 d6 2. d4 Nf6 3. Nc3 Nbd7 4. Nf3 e5 5. g4 h6 6. g5 hxg5 7. Bxg5 c6 8. Qd2
Be7 9. O-O-O b5 10. Bd3 Qa5 11. Kb1 b4 12. Ne2 Rb8 13. Ng3 g6 14. h4 Rb7 15. h5
gxh5 16. Nf5 Bf8 17. dxe5 dxe5 18. Bxf6 Nxf6 19. Qg5 Ng4 20. Bc4 Be6 21. Bxe6
fxe6 22. Qg6+ 1-0

[Event "I Festival Francophone des Echecs"]
[Site "Arvier ITA"]
[Date "2009.09.30"]
[Round "6"]
[White "Van Hoolandt, Patrick"]
[Black "Saint-Amand, Paul"]
[Result "1/2-1/2"]
[WhiteElo "2229"]
[BlackElo "2131"]
[PlyCount "101"]
[EventDate "2009.09.27"]

1. d4 Nf6 2. c4 e5 3. dxe5 Ng4 4. Bf4 Nc6 5. Nf3 Bb4+ 6. Nbd2 Qe7 7. e3 Ngxe5
8. Nxe5 Nxe5 9. Be2 O-O 10. O-O Ng6 11. Bg3 Bd6 12. Bxd6 Qxd6 13. Ne4 Qe7 14.
Nc3 c6 15. Qd4 d6 16. Rad1 Rd8 17. f4 f5 18. e4 Nf8 19. Bf3 Be6 20. Rfe1 Qf7
21. b3 a6 22. Rd2 Ng6 23. g3 Rd7 24. exf5 Bxf5 25. Rde2 Rf8 26. Ne4 Bxe4 27.
Rxe4 Ne7 28. Bg4 Nf5 29. Qd3 g6 30. Re6 d5 31. c5 Nh6 32. Rxg6+ Qxg6 33. Qxg6+
hxg6 34. Bxd7 Kf7 35. Kf2 Rd8 36. Bh3 Kf6 37. Re6+ Kf7 38. Re2 Kf6 39. Ke1 Ng8
40. Re6+ Kf7 41. f5 Nf6 42. fxg6+ Kxg6 43. Bg2 Kf7 44. Re2 Nd7 45. b4 a5 46. b5
Nxc5 47. Rc2 Nd3+ 48. Kd1 Nb4 49. Rf2+ Ke7 50. a3 Nd3 51. Rd2 1/2-1/2

[Event "I Festival Francophone des Echecs"]
[Site "Arvier ITA"]
[Date "2009.10.01"]
[Round "7"]
[White "De Leeuw, Johannes"]
[Black "Marzouk, Amira"]
[Result "1/2-1/2"]
[WhiteElo "1858"]
[BlackElo "1703"]
[PlyCount "67"]
[EventDate "2009.09.27"]

1. e4 e5 2. Nf3 Nf6 3. Nc3 Nc6 4. Bc4 Bb4 5. O-O Bxc3 6. dxc3 h6 7. Qe2 d6 8.
h3 O-O 9. a4 b6 10. b4 Bb7 11. Rd1 Qc8 12. Nh2 Ne7 13. f3 Ng6 14. Qf2 Nh5 15.
Nf1 Nhf4 16. Kh2 Kh7 17. Ne3 Ne7 18. Bd3 Nxd3 19. cxd3 f5 20. Qe1 Qe8 21. exf5
Nxf5 22. Nxf5 Rxf5 23. Qe3 Qg6 24. Rf1 Raf8 25. Ra2 Qf7 26. c4 Re8 27. Raf2 Rf8
28. Bb2 Bc8 29. Bc3 Qd7 30. b5 Rf4 31. Qe2 Qf5 32. g4 Qf7 33. Bd2 Rf6 34. f4
1/2-1/2

[Event "I Festival Francophone des Echecs"]
[Site "Arvier ITA"]
[Date "2009.10.01"]
[Round "7"]
[White "Durandeau, Jean-Marie"]
[Black "Labarthe, Arnaud"]
[Result "1-0"]
[WhiteElo "2015"]
[BlackElo "1871"]
[PlyCount "51"]
[EventDate "2009.09.27"]

1. e4 d5 2. exd5 Nf6 3. Bb5+ Bd7 4. Bc4 Bg4 5. f3 Bf5 6. Nc3 Nbd7 7. g4 Nb6 8.
Qe2 Bc8 9. Qd3 Nxc4 10. Qxc4 e6 11. dxe6 Bxe6 12. Qe2 Be7 13. Nh3 Qd7 14. Nf2
O-O-O 15. d3 Bb4 16. O-O h5 17. g5 Bxc3 18. bxc3 Nd5 19. c4 Ne7 20. Rb1 Nf5 21.
Bf4 Qd4 22. Qe4 c6 23. Rxb7 Qxe4 24. Rc7+ Kb8 25. Nxe4 Nd6 26. Rxc6 1-0

[Event "I Festival Francophone des Echecs"]
[Site "Arvier ITA"]
[Date "2009.10.01"]
[Round "7"]
[White "Fernandez Lopez, Joan"]
[Black "Belabbas, Abdellah"]
[Result "1-0"]
[WhiteElo "2080"]
[BlackElo "1915"]
[PlyCount "97"]
[EventDate "2009.09.27"]

1. e4 e6 2. d3 c5 3. Nf3 Qc7 4. g3 Nc6 5. Bg2 Nf6 6. O-O Be7 7. Re1 d6 8. h3
O-O 9. Nbd2 Bd7 10. Nf1 Rad8 11. N1h2 Ne5 12. Nxe5 dxe5 13. Nf3 Bc6 14. Qe2 Nd7
15. h4 h6 16. Bd2 f5 17. Bh3 Rf6 18. exf5 Bxf3 19. Qxf3 Rdf8 20. g4 exf5 21.
Qd5+ Kh8 22. gxf5 Rd6 23. Qg2 Bxh4 24. Re4 Rd4 25. Rae1 Bf6 26. Bc3 Rxe4 27.
Rxe4 b5 28. Qg6 Nb6 29. Bd2 Nd5 30. Qg3 Ne7 31. Bc3 Nd5 32. Bxe5 Bxe5 33. Qxe5
Qxe5 34. Rxe5 Nf4 35. Bg4 c4 36. dxc4 bxc4 37. Kh2 Rb8 38. b3 h5 39. Kg3 cxb3
40. axb3 Rb4 41. c3 Rxb3 42. Bd1 Rb1 43. Bc2 Rc1 44. Re8+ Kh7 45. Be4 g5 46.
f6+ Ng6 47. f7 Rxc3+ 48. Kg2 Kg7 49. Bxg6 1-0

[Event "I Festival Francophone des Echecs"]
[Site "Arvier ITA"]
[Date "2009.10.01"]
[Round "7"]
[White "Hautot, Stephane"]
[Black "Jarraya, Zied"]
[Result "1/2-1/2"]
[WhiteElo "2420"]
[BlackElo "2192"]
[PlyCount "105"]
[EventDate "2009.09.27"]

1. e4 c5 2. Nf3 d6 3. c3 Nf6 4. Be2 e6 5. O-O Be7 6. Re1 O-O 7. Bf1 Nc6 8. d4
cxd4 9. cxd4 e5 10. d5 Nb8 11. h3 Ne8 12. Nc3 f5 13. exf5 Bxf5 14. Bd3 Nd7 15.
Bxf5 Rxf5 16. Nd2 Rc8 17. Nde4 a6 18. Be3 Rf7 19. Qb3 b6 20. Qa3 a5 21. Nb5 Ra8
22. Rad1 Nc5 23. Bxc5 bxc5 24. Qc3 Nc7 25. Nxc7 Qxc7 26. Re3 Rb8 27. b3 Rf4 28.
g3 Rff8 29. Kg2 Qb7 30. Qc2 Qb4 31. Rc3 Qb7 32. Rc4 Qa6 33. Rd3 Rb4 34. a3 Rb7
35. Qd1 Qa8 36. Ra4 Qa6 37. Rc3 Bd8 38. Rf3 Rxf3 39. Qxf3 Rf7 40. Qd1 Qb6 41.
Rc4 h6 42. Rc3 Be7 43. Qg4 Bf8 44. Qe6 Qd8 45. Rf3 Qd7 46. Qxf7+ Qxf7 47. Rxf7
Kxf7 48. Nd2 Kf6 49. Kf3 Be7 50. Nc4 Bd8 51. Nxd6 Bb6 52. Nc4 Bc7 53. Ke4
1/2-1/2

[Event "I Festival Francophone des Echecs"]
[Site "Arvier ITA"]
[Date "2009.10.01"]
[Round "7"]
[White "Landenbergue, Claude"]
[Black "Van Hoolandt, Patrick"]
[Result "1-0"]
[WhiteElo "2403"]
[BlackElo "2229"]
[PlyCount "53"]
[EventDate "2009.09.27"]

1. c4 Nf6 2. Nc3 e5 3. Nf3 Nc6 4. e4 d6 5. d4 Bg4 6. d5 Nd4 7. Be3 Nxf3+ 8.
gxf3 Bd7 9. Qd2 Nh5 10. Ne2 Be7 11. f4 exf4 12. Nxf4 Nxf4 13. Bxf4 f5 14. e5
dxe5 15. Bxe5 Bf6 16. f4 Qe7 17. O-O-O O-O-O 18. Bxc7 Rde8 19. Bg2 Qe2 20. Ba5
Qxc4+ 21. Kb1 Kb8 22. Bf3 b6 23. Bb4 Be7 24. Bxe7 Rxe7 25. d6 Ree8 26. Rc1 Qb5
27. Rc7 1-0

[Event "I Festival Francophone des Echecs"]
[Site "Arvier ITA"]
[Date "2009.10.01"]
[Round "7"]
[White "Saint-Amand, Paul"]
[Black "Baciu, Stefan"]
[Result "1/2-1/2"]
[WhiteElo "2131"]
[BlackElo "2177"]
[PlyCount "25"]
[EventDate "2009.09.27"]

1. e4 d6 2. d4 Nf6 3. Nc3 g6 4. f4 Bg7 5. Nf3 c5 6. Bb5+ Bd7 7. Bxd7+ Qxd7 8.
d5 e6 9. O-O O-O 10. dxe6 fxe6 11. e5 dxe5 12. Nxe5 Qxd1 13. Rxd1 1/2-1/2

[Event "I Festival Francophone des Echecs"]
[Site "Arvier ITA"]
[Date "2009.10.01"]
[Round "7"]
[White "Vandervorst, Pascal"]
[Black "Guillaumat, Jean-Pierre"]
[Result "1-0"]
[WhiteElo "1818"]
[BlackElo "1953"]
[PlyCount "53"]
[EventDate "2009.09.27"]

1. d4 d5 2. Bf4 Nf6 3. e3 e6 4. Nd2 c5 5. c3 Nc6 6. Bd3 Bd7 7. Ngf3 cxd4 8.
exd4 Be7 9. Ne5 Rc8 10. Qe2 Qb6 11. Ndf3 h6 12. Nxd7 Nxd7 13. Ne5 Ncxe5 14.
dxe5 d4 15. O-O g5 16. Bd2 a6 17. Kh1 Qc7 18. Rae1 b5 19. f4 dxc3 20. bxc3 b4
21. Bxa6 bxc3 22. Bxc3 Ra8 23. Bb5 O-O 24. Qe4 Kg7 25. fxg5 hxg5 26. Bd3 Rh8
27. Rxf7+ 1-0

[Event "I Festival Francophone des Echecs"]
[Site "Arvier ITA"]
[Date "2009.10.01"]
[Round "7"]
[White "Wirig, Anthony"]
[Black "Sanchez, Joseph"]
[Result "1/2-1/2"]
[WhiteElo "2491"]
[BlackElo "2463"]
[PlyCount "52"]
[EventDate "2009.09.27"]

1. d4 d5 2. Nf3 Nf6 3. c4 c6 4. Nc3 dxc4 5. a4 Bf5 6. Ne5 Nbd7 7. Nxc4 Nb6 8.
Ne3 Bg6 9. a5 Nbd5 10. Qb3 Nxe3 11. Bxe3 Qd7 12. Bg5 e6 13. Bxf6 gxf6 14. e3
Be7 15. Be2 O-O 16. O-O Rfd8 17. Rfd1 Qc7 18. Bf3 Rab8 19. Qc4 Bd6 20. g3 Qe7
21. Kg2 Rbc8 22. h4 h6 23. Be4 Bf5 24. Bf3 Bg6 25. Be4 Bh5 26. Bf3 Bg6 1/2-1/2

[Event "I Festival Francophone des Echecs"]
[Site "Arvier ITA"]
[Date "2009.10.02"]
[Round "8"]
[White "Baciu, Stefan"]
[Black "Landenbergue, Claude"]
[Result "1-0"]
[WhiteElo "2177"]
[BlackElo "2403"]
[PlyCount "89"]
[EventDate "2009.09.27"]

1. d4 Nf6 2. c4 e6 3. Nc3 Bb4 4. e3 b6 5. Bd3 Bb7 6. Nf3 O-O 7. O-O d5 8. a3
Bd6 9. cxd5 exd5 10. b4 a6 11. Qb3 Nbd7 12. a4 Qe7 13. Ba3 c6 14. a5 b5 15.
Rfe1 Ne4 16. Rac1 f5 17. g3 Kh8 18. Bf1 Rae8 19. Bg2 Ndf6 20. Nd1 Ng4 21. Rc2
g5 22. Nb2 f4 23. exf4 gxf4 24. Nd3 Qg7 25. Nde5 Rf6 26. Nxg4 Qxg4 27. Ne5 Qg7
28. Bb2 Ref8 29. Bxe4 dxe4 30. d5 cxd5 31. Nc6 f3 32. Qxd5 Bxb4 33. Nxb4 Bxd5
34. Nxd5 Qh6 35. Nxf6 Qh3 36. Ng4+ Kg8 37. Ne3 Rd8 38. Rec1 Rd3 39. Rc8+ Kf7
40. R1c7+ Rd7 41. Be5 Rxc7 42. Rxc7+ Ke8 43. g4 Qh6 44. Nf5 Qd2 45. Re7+ 1-0

[Event "I Festival Francophone des Echecs"]
[Site "Arvier ITA"]
[Date "2009.10.02"]
[Round "8"]
[White "Belabbas, Abdellah"]
[Black "Frank, Albert"]
[Result "0-1"]
[WhiteElo "1915"]
[BlackElo "1932"]
[PlyCount "52"]
[EventDate "2009.09.27"]

1. d4 c5 2. d5 e5 3. dxe6 fxe6 4. e4 d5 5. Nf3 Nf6 6. Bg5 Be7 7. Bb5+ Nc6 8.
Ne5 Qa5+ 9. Nc3 O-O 10. Bxc6 d4 11. Nc4 Qc7 12. e5 Qxc6 13. O-O dxc3 14. exf6
Bxf6 15. Bxf6 gxf6 16. bxc3 e5 17. Qd3 Be6 18. Rfd1 Rad8 19. Qg3+ Kh8 20. Ne3
Qe4 21. h4 Rxd1+ 22. Rxd1 Rg8 23. Qh2 f5 24. Rd6 Bxa2 25. c4 f4 26. Rd5 b6 0-1

[Event "I Festival Francophone des Echecs"]
[Site "Arvier ITA"]
[Date "2009.10.02"]
[Round "8"]
[White "Chiarotto, Filippo"]
[Black "Durandeau, Jean-Marie"]
[Result "1-0"]
[WhiteElo "2053"]
[BlackElo "2015"]
[PlyCount "111"]
[EventDate "2009.09.27"]

1. e4 c5 2. Nf3 Nc6 3. Bb5 g6 4. O-O Bg7 5. c3 e5 6. Na3 Nge7 7. Re1 O-O 8. Nc2
d5 9. exd5 Qxd5 10. Ne3 Qd8 11. d3 a6 12. Ba4 b5 13. Bb3 Bb7 14. Ng4 Qd6 15.
Qe2 Nf5 16. Ng5 Na5 17. Bc2 Rae8 18. Ne4 Qe7 19. a3 c4 20. a4 cxd3 21. Bxd3 Nb3
22. Ra3 Nxc1 23. Rxc1 b4 24. Rb3 a5 25. Ne3 Bh6 26. Rf1 Nxe3 27. fxe3 f5 28.
Bc4+ Kh8 29. Nd2 Qc5 30. cxb4 axb4 31. Kh1 Rd8 32. Nf3 Bc6 33. Ra1 Ra8 34. a5
Rxa5 35. Rxa5 Qxa5 36. Qe1 Rb8 37. Qh4 Qa1+ 38. Ng1 Qa8 39. e4 Bxe4 40. Nf3 Rd8
41. h3 Rd1+ 42. Kh2 Bxf3 43. Qxh6 Bxg2 44. Qg5 Rh1+ 45. Kg3 f4+ 46. Kf2 Rf1+
47. Bxf1 Be4 48. Qf6+ Kg8 49. Rxb4 Qa7+ 50. Qb6 Qe7 51. Rxe4 Qh4+ 52. Kg1 Qg3+
53. Bg2 f3 54. Qe6+ Kf8 55. Qf6+ Kg8 56. Qxf3 1-0

[Event "I Festival Francophone des Echecs"]
[Site "Arvier ITA"]
[Date "2009.10.02"]
[Round "8"]
[White "Guillaumat, Jean-Pierre"]
[Black "Jarraya, Zied"]
[Result "0-1"]
[WhiteElo "1953"]
[BlackElo "2192"]
[PlyCount "98"]
[EventDate "2009.09.27"]

1. d4 Nf6 2. c4 g6 3. Nc3 Bg7 4. e4 d6 5. Be3 O-O 6. Be2 c5 7. Nf3 Ng4 8. Bf4
cxd4 9. Nxd4 Nxf2 10. Kxf2 e5 11. Be3 exd4 12. Bxd4 Bxd4+ 13. Qxd4 Nc6 14. Qd2
f5 15. Rhf1 Qb6+ 16. Ke1 Be6 17. Nd5 Bxd5 18. Qxd5+ Kh8 19. exf5 Qxb2 20. Rd1
Rae8 21. Rd2 Qb1+ 22. Rd1 Qxa2 23. Qd2 Qxc4 24. fxg6 Qh4+ 25. g3 Qxh2 26. g7+
Kxg7 27. Qg5+ Kh8 28. Rxf8+ Rxf8 29. Rxd6 Qg1+ 30. Kd2 Qa1 31. Rd7 Qb2+ 32. Kd1
Qb1+ 33. Kd2 Qb4+ 34. Kd1 Rf7 35. Qd5 Rxd7 36. Qxd7 Qd4+ 37. Qxd4+ Nxd4 38. Bg4
Kg7 39. Kd2 Kf6 40. Kd3 Ke5 41. Kc4 h6 42. Bd7 Nc6 43. Kc5 Nd4 44. g4 Ne6+ 45.
Kb5 Kd6 46. Bc8 Nd4+ 47. Kc4 Nc6 48. Kb5 Kc7 49. Bf5 Nd4+ 0-1

[Event "I Festival Francophone des Echecs"]
[Site "Arvier ITA"]
[Date "2009.10.02"]
[Round "8"]
[White "Van Hoolandt, Patrick"]
[Black "Vandervorst, Pascal"]
[Result "1-0"]
[WhiteElo "2229"]
[BlackElo "1818"]
[PlyCount "41"]
[EventDate "2009.09.27"]

1. d4 Nf6 2. c4 d6 3. Nc3 g6 4. e4 Bg7 5. Nf3 O-O 6. Be2 Na6 7. O-O e5 8. Be3
exd4 9. Nxd4 Nc5 10. f3 Ne6 11. Nc2 Bd7 12. Qd2 Ne8 13. f4 Qe7 14. Bf3 h6 15.
Rae1 Bf6 16. Nd5 Qd8 17. f5 Ng5 18. Nxf6+ Qxf6 19. e5 Qd8 20. fxg6 fxg6 21.
Bxb7 1-0

[Event "I Festival Francophone des Echecs"]
[Site "Arvier ITA"]
[Date "2009.10.02"]
[Round "8"]
[White "Wirig, Anthony"]
[Black "Arnaudov, G. Petar"]
[Result "1/2-1/2"]
[WhiteElo "2491"]
[BlackElo "2408"]
[PlyCount "30"]
[EventDate "2009.09.27"]

1. d4 Nf6 2. Nf3 e6 3. c4 Nc6 4. Nc3 Bb4 5. e3 O-O 6. Bd3 d6 7. O-O Bxc3 8.
bxc3 e5 9. Nd2 Re8 10. Qc2 exd4 11. exd4 h6 12. f3 b6 13. Ba3 Ba6 14. Rae1 d5
15. Rxe8+ Qxe8 1/2-1/2

[Event "I Festival Francophone des Echecs"]
[Site "Arvier ITA"]
[Date "2009.10.03"]
[Round "9"]
[White "Berend, Fred"]
[Black "Van Hoolandt, Patrick"]
[Result "1-0"]
[WhiteElo "2371"]
[BlackElo "2229"]
[PlyCount "141"]
[EventDate "2009.09.27"]

1. d4 Nf6 2. c4 e6 3. Nc3 d5 4. Nf3 Bb4 5. Qa4+ Nc6 6. e3 O-O 7. Bd2 Bd7 8. Qc2
dxc4 9. Bxc4 a6 10. Bd3 Bd6 11. a3 e5 12. d5 Ne7 13. e4 Ng6 14. O-O h6 15. Nd1
Nh5 16. Ne3 Nhf4 17. Rfe1 Nxd3 18. Qxd3 Nf4 19. Qb3 b5 20. Rac1 Qf6 21. Ba5
Rac8 22. Rc3 c5 23. dxc6 Bxc6 24. Qc2 Bb7 25. Nf5 Rxc3 26. Bxc3 Bb8 27. Rd1 Kh7
28. Ne3 Nh3+ 29. Kf1 Ng5 30. Nd5 Qg6 31. Nxg5+ Qxg5 32. Bb4 Rc8 33. Qd3 Rc1 34.
Be7 Rxd1+ 35. Qxd1 Qg6 36. f3 Qc6 37. g4 Qc4+ 38. Kg2 Ba7 39. Bb4 Qd4 40. Nc3
Qxd1 41. Nxd1 f6 42. Bf8 Bb8 43. Bc5 Kg8 44. Kf2 Kf7 45. h4 g6 46. Ne3 Bc7 47.
b3 Bc8 48. Nd5 Bd8 49. Be3 h5 50. gxh5 gxh5 51. b4 Be6 52. Kg3 f5 53. Bg5 f4+
54. Kg2 Bxd5 55. exd5 Bb6 56. Kf1 Bd4 57. Ke2 Bb2 58. Kd3 Bxa3 59. Ke4 Bb2 60.
Kf5 Bc3 61. d6 Bxb4 62. d7 Ba5 63. d8=Q Bxd8 64. Bxd8 b4 65. Ba5 b3 66. Bc3 a5
67. Kxe5 a4 68. Bb2 Ke7 69. Ba3+ Kd7 70. Kxf4 Kc6 71. Ke4 1-0

[Event "I Festival Francophone des Echecs"]
[Site "Arvier ITA"]
[Date "2009.10.03"]
[Round "9"]
[White "Coqueraut, Lodewyk"]
[Black "De Leeuw, Johannes"]
[Result "0-1"]
[WhiteElo "1861"]
[BlackElo "1858"]
[PlyCount "84"]
[EventDate "2009.09.27"]

1. g3 c5 2. Bg2 Nc6 3. b3 d5 4. Bb2 e6 5. d3 Nf6 6. e3 Be7 7. Nd2 O-O 8. Ne2
Qc7 9. h3 b6 10. a3 Bb7 11. c4 Rad8 12. Qc2 dxc4 13. Qxc4 Na5 14. Qc3 Bxg2 15.
Rh2 Bb7 16. e4 Qd7 17. Nf4 Nc6 18. O-O-O Nd4 19. f3 e5 20. Ne2 Ba6 21. g4 Nxe2+
22. Rxe2 Qxd3 23. Qxd3 Rxd3 24. Ree1 Nd7 25. Kc2 Rd8 26. Nc4 Bxc4 27. bxc4 Rxd1
28. Rxd1 f6 29. Rd3 Nb8 30. Re3 Kf7 31. Bc3 g5 32. Re1 Nc6 33. Re3 h5 34. Bb2
h4 35. Ba1 Na5 36. Rc3 Rd4 37. Rd3 Rxc4+ 38. Kd2 Ke6 39. Bb2 Nc6 40. Bc3 Ra4
41. Bb2 c4 42. Rd5 Bxa3 0-1

[Event "I Festival Francophone des Echecs"]
[Site "Arvier ITA"]
[Date "2009.10.03"]
[Round "9"]
[White "Jarraya, Zied"]
[Black "Frank, Albert"]
[Result "1-0"]
[WhiteElo "2192"]
[BlackElo "1932"]
[PlyCount "49"]
[EventDate "2009.09.27"]

1. e4 b6 2. d4 e6 3. Nf3 Ne7 4. Bd3 d6 5. c3 g6 6. Bg5 Bg7 7. Qd2 h6 8. Be3 Ba6
9. Na3 Bxd3 10. Qxd3 O-O 11. O-O-O Qc8 12. Kb1 Qa6 13. Qd2 Kh7 14. g4 Nd7 15.
Rhg1 Qb7 16. Qc2 b5 17. Rg3 b4 18. cxb4 Nf6 19. Nd2 Rab8 20. g5 hxg5 21. Bxg5
Qxb4 22. e5 Nfd5 23. Ndc4 Nf5 24. Rb3 Qa4 25. Rh3+ 1-0

[Event "I Festival Francophone des Echecs"]
[Site "Arvier ITA"]
[Date "2009.10.03"]
[Round "9"]
[White "Landenbergue, Claude"]
[Black "Fernandez Lopez, Joan"]
[Result "1-0"]
[WhiteElo "2403"]
[BlackElo "2080"]
[PlyCount "63"]
[EventDate "2009.09.27"]

1. c4 e5 2. Nc3 d6 3. d4 exd4 4. Qxd4 Nc6 5. Qd2 Nf6 6. e4 g6 7. b3 Bg7 8. Bb2
a5 9. g3 Be6 10. Bg2 a4 11. Nxa4 Bxc4 12. Ne2 O-O 13. O-O Re8 14. Nac3 Bxe2 15.
Qxe2 Ne5 16. Rfd1 Ned7 17. Qc2 Nb6 18. Nb5 Qd7 19. a4 Rac8 20. e5 Ng4 21. Bxb7
Nxe5 22. Bxc8 Rxc8 23. Rac1 Nf3+ 24. Kg2 Nh4+ 25. Kh1 Qg4 26. f4 Nf5 27. Re1
Qf3+ 28. Kg1 Nxg3 29. hxg3 Qxg3+ 30. Qg2 Qxg2+ 31. Kxg2 Bxb2 32. Rxc7 1-0

[Event "I Festival Francophone des Echecs"]
[Site "Arvier ITA"]
[Date "2009.10.03"]
[Round "9"]
[White "Marzouk, Amira"]
[Black "Belabbas, Abdellah"]
[Result "1-0"]
[WhiteElo "1703"]
[BlackElo "1915"]
[PlyCount "104"]
[EventDate "2009.09.27"]

1. e4 c5 2. c3 Qc7 3. d4 e6 4. Nf3 cxd4 5. cxd4 Nf6 6. Bd3 Bb4+ 7. Bd2 Nc6 8.
Nc3 O-O 9. O-O a6 10. Qc2 d6 11. Rac1 h6 12. a3 Ba5 13. b4 Bb6 14. d5 Nd4 15.
Nxd4 Bxd4 16. dxe6 fxe6 17. Ne2 Qxc2 18. Rxc2 Bb6 19. a4 Ng4 20. Be1 Bd7 21. a5
Ba7 22. Rc7 Bc6 23. Bxa6 Rf7 24. Rxf7 Kxf7 25. Bd3 Ne5 26. Bc2 Bb5 27. Bd1 Bd3
28. Bc3 Nc4 29. Re1 Bxe4 30. Bb3 Rc8 31. Bd4 Bxd4 32. Nxd4 Bd5 33. Nb5 Ke7 34.
Nc3 Kf6 35. Nxd5+ exd5 36. Rc1 Ke5 37. Re1+ Kf6 38. g3 g5 39. Bd1 d4 40. Bf3 b5
41. a6 Nb6 42. Bb7 Rc4 43. a7 Rxb4 44. a8=Q Nxa8 45. Bxa8 d3 46. Rd1 Rd4 47.
Bc6 b4 48. Ba4 Ke5 49. f3 Kd5 50. Bb3+ Kc5 51. Kf2 d5 52. Ke3 Rc4 1-0